The norton introduction to literature
A balanced selection of classic and contemporary works by prominent and less-well-known writers. From Joyce, Hemingway, O'Connor, Auden, Stevens, Dickinson, Faulkner, Hawthorne, and Whitman, to Sharon Olds, Nicholson Baker, Carolyn Forché, Paul Ruffin, Salman Rushdie, Agha Shahid Ali, Eamon Gr...
שמור ב:
| פורמט: | ספר |
|---|---|
| שפה: | Undetermined |
| יצא לאור: |
New York
W.W. Norton
2002
|
| נושאים: | |
| תגים: |
הוספת תג
אין תגיות, היה/י הראשונ/ה לתייג את הרשומה!
|
| Thư viện lưu trữ: | Trung tâm Học liệu Trường Đại học Cần Thơ |
|---|
| LEADER | 00986nam a2200205Ia 4500 | ||
|---|---|---|---|
| 001 | CTU_108627 | ||
| 008 | 210402s9999 xx 000 0 und d | ||
| 082 | |a 808.21 | ||
| 082 | |b T374 | ||
| 245 | 4 | |a The norton introduction to literature | |
| 245 | 0 | |c Jerome Beaty ... [ at al. ] | |
| 260 | |a New York | ||
| 260 | |b W.W. Norton | ||
| 260 | |c 2002 | ||
| 520 | |a A balanced selection of classic and contemporary works by prominent and less-well-known writers. From Joyce, Hemingway, O'Connor, Auden, Stevens, Dickinson, Faulkner, Hawthorne, and Whitman, to Sharon Olds, Nicholson Baker, Carolyn Forché, Paul Ruffin, Salman Rushdie, Agha Shahid Ali, Eamon Grennan, Linda Pastan, Li-Young Lee, Jimmy Santiago Baca, Simon Ortiz, Seamus Heaney, Karen Volkman, and David Ives. | ||
| 650 | |a Literature | ||
| 650 | |x Collections | ||
| 904 | |i Hiếu | ||
| 910 | |a Sách kèm theo đĩa CD có số: AV.000661, AV.000662 | ||
| 980 | |a Trung tâm Học liệu Trường Đại học Cần Thơ | ||